Normal view
MARC view
Entry Personal Name
001 - CONTROL NUMBER
- control field: 158957
003 - CONTROL NUMBER IDENTIFIER
- control field: OSt
005 - DATE AND TIME OF LATEST TRANSACTION
- control field: 20220923211149.0
008 - FIXED-LENGTH DATA ELEMENTS
- fixed length control field: 220923|| aca||aabn | a|a d
040 ## - CATALOGING SOURCE
- Original cataloging agency: OSt
- Transcribing agency: OSt
100 ## - HEADING--PERSONAL NAME
- Personal name: ਰਤਨ, ਮਹਿੰਦਰ ਸਿੰਘ
670 ## - SOURCE DATA FOUND
- Source citation: Work cat.: (OSt)296167: ਰਤਨ, ਮਹਿੰਦਰ ਸਿੰਘ, ਗੁਰਬਾਣੀ ਸਬਦ ਸੁਰਤਿ , 2010
